| 000 | 00903nam a22002777a 4500 | ||
|---|---|---|---|
| 005 | 20201128021246.0 | ||
| 008 | 150513t2015 enka frb 001 0 eng d | ||
| 020 | _a9781292066172 | ||
| 020 | _a1292066172 | ||
| 040 |
_aEG-ScBUE _beng |
||
| 082 | 0 | 4 |
_222 _bSTA _a005.8 |
| 100 | 1 |
_92633 _aStallings, William. |
|
| 245 | 1 | 0 |
_aComputer security : _bprinciples and practice / _cWilliam Stallings, Lawrie Brown. |
| 250 | _a3rd ed., Global ed. | ||
| 260 |
_aHarlow : _bPearson Education Limited, _cc.2015. |
||
| 300 |
_a840 p. : _bill. ; _c23 cm. |
||
| 500 | _aIndex : p. 811-840. | ||
| 504 | _aBibliography : p. 793-810. | ||
| 650 | 7 |
_2BUEsh _92637 _aComputer security. |
|
| 650 | 7 |
_aComputer networks _xSecurity measures _xExaminations _vStudy guides. _2BUEsh _937982 |
|
| 651 | _2BUEsh | ||
| 653 |
_bCOMAME _cMay2015 |
||
| 655 |
_vreading book _934232 |
||
| 700 | 1 |
_93481 _aBrown, Lawrie. |
|
| 942 | _2ddc | ||
| 999 |
_c19339 _d19311 |
||